Регионална библиотека "Любен Каравелов" - Русе

Извън борда (Запис номер 20840)

MARC детайли
000 -Лидер
Контролно поле с фиксирана дължина 01270nam a2200337 c 4500
003 - Код на организацията, давaща контролен номер
Контролно поле BLK
005 - Дата и час на последна редакция
Контролно поле 20221219165533.0
008 - Елементи от данни с фиксирана дължина
fixed length control field 180413b bul|||||r ||||||| ||bul||
010 ## - Наследен системен номер
LC control number KNG00023088000
020 ## - Международен стандартен номер на книга ISBN
Международен стандартен номер на книга ISBN 954-676-042-0
-- издат.: Богианна
040 ## - Източник на каталожния запис
Идентификатор на билиотеката - собственик на записа BLK
041 ## - Код за език
Код за езика на текст/звукозапис или на отделно заглавие Български
Код за езика КДБФ Български
080 ## - УДК
Текстов определител УДК Българска литература
УДК код - определител по УДК 821.163.2
УДК определител -32
УДК - код + определител 821.163.2-32
080 ## - УДК
Текстов определител УДК Българска литература
УДК код - определител по УДК 821.163.2
УДК определител -7
УДК - код + определител 821.163.2-7
100 1# - Редна дума - Автор
Автор Богданов, Пею
Авторска отговорност първи автор
Автор - информация (биография) Пеев, Пею Богданов
R(LIN) 245564
139 ## - Редно поле
Редна дума Богданов, Пею
Авторски знак Бог - Б 54
245 10 - Сведения за заглавието
Заглавие Извън борда
Подзаглавни данни Разкази и фейлетони
Редно поле (дума) Пею Богданов; Пею Богданов Пеев.
257 ## - Страна на издаване
Страна на създаване/издаване България
260 ## - Област на издателските данни
-- София
Име на издателя, разпространителя и проч. Богианна
Година на издаване 1998
300 ## - Физическа характеристика
Страници 47 с.
Размери/Мащаб 21 см
380 ## - Жанр
Жанр Худож. лит.
500 ## - Общи забележки
Забележка Пълното име на авт. Пею Богданов Пеев. - 1 000 тир.
653 ## - Ключова дума – ненормативна
Ключова дума разкази
653 ## - Ключова дума – ненормативна
Ключова дума фейлетони
700 1# - Други автори (авторска отговорност)
Лично име Пеев, Пею Богданов
9 (RLIN) 265161
852 ## - Местоположение
Форматна сигнатура Цб 197477
856 4# - Електронен адрес и достъп
Електронен формат pdf - файл
Път до файла /url/
856 4# - Електронен адрес и достъп
Електронен формат pdf - файл
Път до файла /url/
942 ## - АРТИКУЛИ
Вид на библиотечния материал Книги
Скрит в OPAC Не
Koha issues (borrowed), all copies 1
944 ## - СЪЗДАВАНЕ И РЕДАКЦИЯ на ЗАПИСА
Създаване/Редакция Създаване
Дата на регистрацията/редакция 15.01.2003
Статус, дата на статуса ф /
Служител, извършил регистрацията/редакцията Людмила_Стоянова
944 ## - СЪЗДАВАНЕ И РЕДАКЦИЯ на ЗАПИСА
Създаване/Редакция Редакция
Дата на регистрацията/редакция 07.08.2014
Статус, дата на статуса ф /
Служител, извършил регистрацията/редакцията
999 ## - СИСТЕМНИ КОНТРОЛНИ НОМЕРА
Koha biblionumber 20840
Koha biblioitemnumber 20840
Наличности
Код за отписване Код за изгубен артикул Източник на класификационната схема Код за повреда Коз за рестрикции Код за отдаване Артикулен № Име на библиотеката - собственик Име на библиотеката, в която се намира в момента Статус (Текущо местоположение) Дата на вписване в системата Местоположение - отдел Цена в лева Инвентарен номер Систематично азбучна сигнатура Баркод Номер на екземпляра Цена в евро Служебна бележка Служебен тип на артикула
  Не е изгубен Universal Decimal Classification Не е повреден без рестрикции ползва се в читалня 34506 Регионална библиотека "Любен Каравелов" Русе Регионална библиотека "Любен Каравелов" Русе Хранилище 2001-01-01 Хранилище 0.00 642280 Цб 197477 120000642280 1 0.00 Дост: Dp Вид: Д N: 28 Дата: 01.01.1998 Книги
  Не е изгубен   Не е повреден без рестрикции заемане за дома 34507 Регионална библиотека "Любен Каравелов" Русе Регионална библиотека "Любен Каравелов" Русе Заемна - подръчен фонд 2014-06-23 Заемна - подръчен фонд 6.00 120000778631 П 886.7-32/Б 120000778631 2 3.07 Дост: DA Вид: А N: 10 Дата: 23.06.2014 Дата инв: 14.02.2018 Бележки инв: П2018 Книги
Vip Innovations Ltd, Rousse, Bulgaria 2025